Profanatorios : ejercicios narratológicos.

Guardado en:
書目詳細資料
主要作者: Ardila Rojas, Luis Felipe (autor)
格式: 圖書
語言:西班牙语
叢編:(Colección literatura y lenguaje)
主題:
標簽: 添加標簽
沒有標簽, 成為第一個標記此記錄!

MARC

LEADER 00000nam^a2200000^u^4500
001 000497408
005 20250521000000.0
008 070221s1000^^^^^^^^^^^^r^^^^^000^0^spa^d
009 20260310125633.305
022 |a 9588226910 
035 |a FCE 000041101 
037 |a Acervo ITESO - Biblioteca 
041 |a spa 
082 0 4 |a 808.831  |b ARDp 
100 |a Ardila Rojas, Luis Felipe  |e (autor) 
245 1 0 |a Profanatorios :  |b ejercicios narratológicos. 
264 |a Bogotá, Colombia :  |b Universidad Pedagógica Nacional,  |c 2006. 
300 |a 141 p. 
336 |a texto  |b txt  |2 rdacontenido 
337 |a sin mediación  |b n  |2 rdamedio 
338 |a volumen  |b nc  |2 rdasoporte 
440 1 |a (Colección literatura y lenguaje) 
649 |a XX 
650 |a Didáctica 
650 |a Literatura 
650 |a Papel del docente 
650 |a Cuentos 
650 |a Narración de cuentos 
650 |a Colombia 
910 |a Fondo Centro de Estudios Educativos 
920 |a Impresos - Libros 
930 |a Fondos Especiales 
905 |a 133 
901 |a ALE048052  |b IT2  |c CEE  |u 20250521 
902 |a https://opac.biblio.iteso.mx/vufind/Record/000497408